| 000 | 00450nas a2200157K 4500 | ||
|---|---|---|---|
| 040 | _cGUA | ||
| 082 | _a334 FAO 2016 C106 Or. | ||
| 110 | 2 | _aFood and Agriculture Organization of the United Nations. | |
| 245 | 1 | 0 | _aFAO animal production and health paper |
| 246 | 3 | 0 | _aAnimal production and health paper |
| 300 |
_billustrations ; _c28 cm |
||
| 650 | 0 | _aAnimal industry. | |
| 650 | 0 | _aVeterinary medicine. | |
| 650 | 0 | _aLivestock. | |
| 942 | _cAEDBB | ||
| 999 |
_c20844 _d20844 |
||